[Event "Ruhrgebiet Verbandsliga Gruppe 1 1415"]
[Site "Germany"]
[Date "2015.02.08"]
[Round "6"]
[White "Niemann, Walter"]
[Black "Gottmann, Bernd"]
[Result "1-0"]
[WhiteElo "1768"]
[BlackElo "1919"]
[PlyCount "85"]
[EventDate "2014.09.21"]
[EventType "team-tourn"]
[EventRounds "9"]
[EventCountry "GER"]
[SourceTitle "EXT 2022"]
[Source "ChessBase"]
[SourceDate "2021.10.06"]
[SourceVersion "1"]
[SourceVersionDate "2021.10.06"]
[SourceQuality "1"]
[WhiteTeam "Steele/Kray Rochade"]
[BlackTeam "Gerthe Werne"]
[WhiteTeamCountry "GER"]
[BlackTeamCountry "GER"]

1. d4 g6 2. c4 Bg7 3. Nc3 c5 4. d5 d6 5. e4 Nf6 6. Bd3 0-0 7. Nge2 e5 8. 0-0 Na6 9. a3 Nc7 10. Bg5 h6 11. Bd2 Qe7 12. h3 a6 13. Ng3 Rb8 14. Qe2 Bd7 15. a4 Rfe8 16. Rae1 Nh7 17. f3 Qh4 18. Nh1 g5 19. Kh2 Nf6 20. Rb1 Nh5 21. Be1 Qf4+ 22. g3 Qf6 23. Bd2 Qg6 24. Nf2 Nf6 25. Nfd1 h5 26. Ne3 Bf8 27. h4 g4 28. f4 exf4 29. Rxf4 Re5 30. Rbf1 Nce8 31. Nf5 b5 32. axb5 axb5 33. cxb5 Bg7 34. R4f2 Bf8 35. Bg5 c4 36. Bc2 Bxb5 37. Bxf6 Qxf6 38. Nd4 Qe7 39. Rxf7 Qxf7 40. Rxf7 Kxf7 41. Ncxb5 Bg7 42. Qxc4 Bf6 43. Nc6 1-0

[Event "Ruhrgebiet VK1 0910"]
[Site "Ruhrgebiet"]
[Date "2010.02.21"]
[Round "7.7"]
[White "Niemann, Walter"]
[Black "Cordsen, Rudolf"]
[Result "0-1"]
[WhiteElo "1828"]
[BlackElo "1906"]
[PlyCount "102"]
[EventDate "2009.09.06"]
[EventType "team"]
[EventRounds "9"]
[EventCountry "GER"]
[SourceTitle "EXT 2011"]
[Source "ChessBase"]
[SourceDate "2010.11.26"]
[SourceVersion "1"]
[SourceVersionDate "2010.11.26"]
[SourceQuality "1"]
[WhiteTeam "Rochade Steele/Kray"]
[BlackTeam "Oberhausen III"]
[WhiteTeamCountry "GER"]
[BlackTeamCountry "GER"]

1. d4 Nf6 2. c4 d6 3. Nc3 c6 4. Nf3 Nbd7 5. Bg5 e5 6. e3 Be7 7. Bd3 0-0 8. 0-0 Qc7 9. Rc1 Re8 10. Qc2 Nf8 11. h3 Bd7 12. Ne4 Nxe4 13. Bxe4 Bxg5 14. Nxg5 g6 15. Bf3 Qd8 16. Ne4 Bf5 17. g4 Bxe4 18. Bxe4 Qh4 19. Bg2 exd4 20. exd4 Ne6 21. Qd2 Ng5 22. Qd3 Re7 23. Rce1 Rae8 24. Rxe7 Rxe7 25. d5 cxd5 26. cxd5 h5 27. f4 Nh7 28. g5 Nf8 29. Qc3 Re2 30. Qa3 Nd7 31. Qd3 Re1 32. Rxe1 Qxe1+ 33. Qf1 Qxf1+ 34. Bxf1 Nb6 35. Bg2 Na4 36. b3 Nc3 37. a3 Ne2+ 38. Kf2 Nxf4 39. Bf1 Nxd5 40. Bg2 Nf4 41. Bf1 Kf8 42. b4 Ke7 43. Ke3 Ne6 44. h4 d5 45. Bd3 Kd6 46. Bc2 Ke5 47. Bd3 f5 48. gxf6 Kxf6 49. Be2 g5 50. Bf3 Nf4 51. Bxh5 Nxh5 0-1